000 00804nam a2200265I 4500
001 76820
003 BD-RjUL
005 20211209082907.0
008 200122s1923 nyu 000 0 eng u
035 _aMITb10532640
035 _a(OCoLC)16854618
035 _a(BD-RjUL)77044
040 _cFDS
_dRCD
_aBD-RjUL
_beng
041 _aeng
049 _aRCDA
082 _223
_a820.9
_bQUS 1923
100 1 _aQuiller-Couch, Arthur,
_d1863-1944.
_9238080
245 1 0 _aStudies in literature :
_bFirst series /
_cBy Sir Arthur Quiller-Couch.
250 _aPoket ed.
260 _aNew York;
_aCambridge, Eng. :
_bG. P. Putnam's sons;
_bUniversity press,
_c1923.
300 _avi, 307 p. ;
_c18 cm.
650 0 _aEnglish literature
_xHistory and criticism.
_9238081
942 _2ddc
_cBK
999 _c76820
_d76820